000 02397nam a2200397 a 4500
003 BLK
005 20231027102535.0
008 180411b bul|||||r ||||||| ||bul||
010 _aKNG00191602000
040 _aBLK
041 _aFRE
_cFRE
080 _aФренска литература 821.133.1
_b821.133.1
_z821.133.1
100 _9435983
_aCourier, P. L.
_eпърви автор
139 _aCourier, P. L.
245 1 0 _aOeuvres
_bprecedees de sa vie par Armand Carrel
_cP. L. Courier
257 _aFRA
260 _aParis
_c1872
_9435986
_bLibr. de Firmin Didot Freres
300 _a606 p.
_c18 см
380 _aX
490 _9435080
_aКолекция Редки и ценни издания
490 _9435931
_aЛична библиотека на Захари Стоянов
_v21
500 _aДатирано: 27.ІV.936 г. № 251.
852 _aРф 872 ЗСт
_bРц
856 4 _qjpg
_fПортрет
_lreg users access
_uhttp://185.138.176.146:18082/cgi-bin/koha/opac-retrieve-file.pl?id=b4696178dd263386868ef9e5111f7b27
_xpicjpg
_zПортрет
856 4 _qjpg
_fСъдържание
_lreg users access
_uhttp://185.138.176.146:18082/cgi-bin/koha/opac-retrieve-file.pl?id=77bea3f3296a20b13dc44663e0b69b53
_xpicjpg
_zСъдържание 1
856 4 _qjpg
_fСъдържание
_lreg users access
_uhttp://185.138.176.146:18082/cgi-bin/koha/opac-retrieve-file.pl?id=9e037a25a4a1b9ade281f8e1df86d13c
_xpicjpg
_zСъдържание 2
856 4 _qjpg
_fСъдържание
_lreg users access
_uhttp://185.138.176.146:18082/cgi-bin/koha/opac-retrieve-file.pl?id=c04363911a2f2bd70f7e4acc83e33c83
_xpicjpg
_zСъдържание 3
856 4 _qjpg
_fСъдържание
_lreg users access
_uhttp://185.138.176.146:18082/cgi-bin/koha/opac-retrieve-file.pl?id=8921897b6530eed005388d8422595dcd
_xpicjpg
_zСъдържание 4
856 4 _qjpg
_fСъдържание
_lreg users access
_uhttp://185.138.176.146:18082/cgi-bin/koha/opac-retrieve-file.pl?id=787c69159404bbdd6ee8799a0e28d3db
_xpicjpg
_zСъдържание 5
856 4 _qjpg
_fСъдържание
_lreg users access
_uhttp://185.138.176.146:18082/cgi-bin/koha/opac-retrieve-file.pl?id=dd0b36eeffe7d2ff129fd3ad5357f8c2
_xpicjpg
_zСъдържание 6
942 _cKNG
_n0
_s1
944 _aCR
_c2020-11-06
_k30542
_lРусанова Ирена
999 _c391362
_d391362
999 _d391362
999 _d391362
999 _d391355